[Event "American Continental 19th"]
[Site "Foz do Iguacu"]
[Date "2025.05.26"]
[Round "5"]
[White "Oparin, Grigoriy"]
[Black "Hong, Andrew Z"]
[Result "1/2-1/2"]
[WhiteElo "2660"]
[BlackElo "2579"]
[PlyCount "68"]
[EventDate "2025.05.23"]
[EventType "swiss"]
[EventRounds "11"]
[EventCountry "BRA"]
[SourceTitle "CB23_2025"]
[SourceDate "2025.06.04"]
[SourceVersion "1"]
[SourceVersionDate "2025.06.04"]
[SourceQuality "1"]

1. Nf3 d5 2. c4 e6 3. g3 Nf6 4. Bg2 Be7 5. 0-0 0-0 6. d4 dxc4 7. Qc2 a6 8. a4 Bd7 9. Qxc4 Bc6 10. Bg5 Nbd7 11. Nc3 h6 12. Bf4 Bd6 13. Qd3 Qe7 14. e4 Bxf4 15. gxf4 Rad8 16. Ne5 Nxe5 17. fxe5 Nh5 18. f4 f6 19. Qe3 fxe5 20. fxe5 Rxf1+ 21. Rxf1 Rf8 22. Rxf8+ Qxf8 23. d5 Bd7 24. Ne2 g5 25. Bh3 Qb4 26. Qf3 Ng7 27. b3 h5 28. Qe3 Kh7 29. Nd4 Qc5 30. Kf2 g4 31. Bf1 Qf8+ 32. Kg1 Qc5 33. Kf2 Qf8+ 34. Kg1 Qc5 1/2-1/2

[Event "Chess.com Classic Play In"]
[Site "Chess.com INT"]
[Date "2025.05.19"]
[Round "4"]
[White "Oparin, Grigoriy"]
[Black "Aronian, Levon"]
[Result "1-0"]
[WhiteElo "2660"]
[BlackElo "2747"]
[PlyCount "73"]
[EventDate "2025.05.19"]
[EventType "swiss (blitz)"]
[EventRounds "9"]
[EventCountry "USA"]
[SourceTitle "CB21_2025"]
[SourceDate "2025.05.21"]
[SourceVersion "1"]
[SourceVersionDate "2025.05.21"]
[SourceQuality "1"]

1. c4 e6 2. g3 d5 3. Bg2 Nf6 4. Nf3 Be7 5. 0-0 0-0 6. d4 dxc4 7. Qc2 a6 8. a4 Bd7 9. Qxc4 Bc6 10. Bf4 Bd6 11. Qc1 h6 12. Nc3 Qe7 13. Re1 Bb4 14. Qc2 Bxf3 15. Bxf3 Nc6 16. Red1 Na5 17. Ne4 Nd5 18. Rac1 Nxf4 19. gxf4 Rac8 20. e3 b6 21. Qe2 Qd7 22. Qxa6 Qxa4 23. d5 exd5 24. Rxd5 Qb3 25. Qe2 c5 26. Nd6 Rc7 27. Rcd1 Nc6 28. Be4 Ne7 29. Re5 Ng6 30. Nxf7 Nxe5 31. Nxe5 c4 32. Qg4 Rf6 33. Rd8+ Bf8 34. Bd5+ Kh7 35. Rxf8 Rxf8 36. Qg6+ Kh8 37. Be4 1-0

[Event "Titled Tuesday intern op 01st Apr Early"]
[Site "Chess.com INT"]
[Date "2025.04.01"]
[Round "3"]
[White "Cunha, Lucas Aguiar"]
[Black "Oparin, Grigoriy"]
[Result "0-1"]
[WhiteElo "2231"]
[BlackElo "2660"]
[PlyCount "76"]
[EventDate "2025.04.01"]
[EventType "swiss (blitz)"]
[EventRounds "11"]
[EventCountry "USA"]
[SourceTitle "CB15_2025"]
[SourceDate "2025.04.09"]
[SourceVersion "1"]
[SourceVersionDate "2025.04.09"]
[SourceQuality "1"]

1. e4 c5 2. Nf3 e6 3. d4 cxd4 4. Nxd4 Nc6 5. Nc3 Bc5 6. Be3 Qb6 7. Na4 Qa5+ 8. c3 Bxd4 9. Bxd4 Nxd4 10. Qxd4 e5 11. Qb4 Qxb4 12. cxb4 Nf6 13. Nc3 d6 14. Rd1 Ke7 15. Bc4 Be6 16. Bxe6 fxe6 17. Ke2 Rhc8 18. Rd2 Rc4 19. a3 Nxe4 20. Nxe4 Rxe4+ 21. Kd1 Rc8 22. Re1 Rxe1+ 23. Kxe1 Rc1+ 24. Ke2 d5 25. Kd3 e4+ 26. Ke3 Kd6 27. Kf4 Rf1 28. h4 e5+ 29. Kg5 d4 30. h5 b6 31. h6 gxh6+ 32. Kxh6 Rh1+ 33. Kg5 Kd5 34. Kf6 Rf1 35. Kg7 Rg1 36. g3 e3 37. fxe3 Rxg3+ 38. Kxh7 Rxe3 0-1

[Event "Titled Tuesday intern op 01st Apr Early"]
[Site "Chess.com INT"]
[Date "2025.04.01"]
[Round "8"]
[White "Oparin, Grigoriy"]
[Black "Smirnov, Mark1"]
[Result "1-0"]
[WhiteElo "2660"]
[BlackElo "2336"]
[PlyCount "129"]
[EventDate "2025.04.01"]
[EventType "swiss (blitz)"]
[EventRounds "11"]
[EventCountry "USA"]
[SourceTitle "CB15_2025"]
[SourceDate "2025.04.09"]
[SourceVersion "1"]
[SourceVersionDate "2025.04.09"]
[SourceQuality "1"]

1. e4 d6 2. Nf3 Nf6 3. Nc3 e5 4. d4 Nbd7 5. Bc4 Be7 6. 0-0 0-0 7. a4 a5 8. Re1 c6 9. h3 exd4 10. Nxd4 Nc5 11. Bf1 Be6 12. Bf4 d5 13. e5 Nfe4 14. Nxe4 dxe4 15. Nxe6 fxe6 16. Be3 Qd5 17. Qd4 Rad8 18. Red1 Qxd4 19. Bxd4 Rd7 20. Bc4 Rfd8 21. c3 Kf7 22. Kf1 Nd3 23. Bxd3 exd3 24. Bb6 Ra8 25. Be3 b5 26. Ke1 Rb8 27. Rd2 g5 28. Kd1 Kg6 29. g4 h5 30. axb5 Rxb5 31. Ra4 Rxe5 32. Rc4 hxg4 33. hxg4 c5 34. Ra4 Red5 35. b3 e5 36. c4 R5d6 37. Rxa5 Rb6 38. Rb5 Rxb5 39. cxb5 e4 40. Ra2 Rb7 41. Ra6+ Kf7 42. b6 Ke6 43. Kd2 Kd5 44. b4 cxb4 45. Ra5+ Kc4 46. Re5 Bd8 47. Rxe4+ Kb3 48. Re6 Ka2 49. Kxd3 b3 50. Bd4 Bxb6 51. Bc3 Bxf2 52. Re2+ Ka3 53. Bb2+ Kb4 54. Rxf2 Rd7+ 55. Bd4 Ka3 56. Rf8 Rc7 57. Ra8+ Kb4 58. Rb8+ Ka4 59. Bc3 Rd7+ 60. Bd4 Rc7 61. Rg8 Rd7 62. Kc4 Rc7+ 63. Bc5 Rxc5+ 64. Kxc5 b2 65. Rb8 1-0

[Event "Titled Tuesday intern op 25th Mar Early"]
[Site "Chess.com INT"]
[Date "2025.03.25"]
[Round "2"]
[White "Dang, Hoang Son"]
[Black "Oparin, Grigoriy"]
[Result "0-1"]
[WhiteElo "2408"]
[BlackElo "2660"]
[PlyCount "106"]
[EventDate "2025.03.25"]
[EventType "swiss (blitz)"]
[EventRounds "11"]
[EventCountry "USA"]
[SourceTitle "CB14_2025"]
[SourceDate "2024.11.01"]
[SourceVersion "1"]
[SourceVersionDate "2024.11.01"]
[SourceQuality "1"]

1. d4 Nf6 2. c4 e6 3. Nc3 d5 4. cxd5 exd5 5. Bg5 Be7 6. e3 c6 7. Bd3 Nbd7 8. Qc2 Nh5 9. Bxe7 Qxe7 10. Nge2 g6 11. 0-0-0 Nb6 12. Rhe1 Be6 13. Kb1 0-0-0 14. f3 Kb8 15. Nc1 Nf6 16. Nb3 Rhe8 17. g4 Bc8 18. Qf2 Ka8 19. Nc5 Nfd7 20. Nb3 Nf8 21. h3 Ne6 22. f4 Nf8 23. Nc5 Nfd7 24. Nb3 Nf6 25. Nc5 Nbd7 26. Nb3 h5 27. g5 Ne4 28. Bxe4 dxe4 29. d5 Nb6 30. dxc6 bxc6 31. Qc2 Bxh3 32. Na4 Qc7 33. Nd4 Nxa4 34. Qxa4 c5 35. Rc1 Qb6 36. Nb3 Bd7 37. Qa3 Bb5 38. Rxc5 Rc8 39. Rec1 Rxc5 40. Nxc5 h4 41. Qb3 Bd3+ 42. Nxd3 Qxb3 43. axb3 exd3 44. Rh1 Rxe3 45. Kc1 h3 46. Kd2 Rf3 47. Re1 Rxf4 48. Kxd3 Rh4 49. Rh1 h2 50. Ke3 Rh3+ 51. Kf4 Kb7 52. Kg4 Rh5 53. Kg3 Rxg5+ 0-1

[Event "American Cup Blitz"]
[Site "Saint Louis"]
[Date "2025.03.24"]
[Round "6"]
[White "Oparin, Grigoriy"]
[Black "Mishra, Abhimanyu"]
[Result "1-0"]
[WhiteElo "2660"]
[BlackElo "2600"]
[PlyCount "77"]
[EventDate "2025.03.24"]
[EventType "swiss (blitz)"]
[EventRounds "9"]
[EventCountry "USA"]
[SourceTitle "CB14_2025"]
[SourceDate "2024.11.01"]
[SourceVersion "1"]
[SourceVersionDate "2024.11.01"]
[SourceQuality "1"]

1. e4 e5 2. Nf3 Nc6 3. Bc4 Bc5 4. Nc3 Nf6 5. d3 a6 6. a4 d6 7. 0-0 0-0 8. h3 Be6 9. Bg5 h6 10. Bxf6 Qxf6 11. Nd5 Qd8 12. c3 Ba7 13. b4 Ne7 14. Ne3 Bxe3 15. fxe3 Bxc4 16. dxc4 a5 17. Nh4 Qc8 18. Qd3 Qe6 19. Nf5 Nc8 20. c5 axb4 21. cxb4 dxc5 22. bxc5 Ne7 23. Qb5 Nxf5 24. exf5 Qd5 25. f6 g6 26. a5 Qe4 27. Ra3 Rfd8 28. Qa4 Qxa4 29. Rxa4 Ra6 30. Rb1 Rb8 31. Re4 Rxf6 32. Rxe5 c6 33. a6 Ra8 34. axb7 Rb8 35. Re7 Re6 36. Rc7 Ree8 37. Rxc6 Kg7 38. Rc7 Rxe3 39. Rc8 1-0

[Event "American Cup Blitz"]
[Site "Saint Louis"]
[Date "2025.03.24"]
[Round "1"]
[White "Zatonskih, Anna"]
[Black "Oparin, Grigoriy"]
[Result "0-1"]
[WhiteElo "2315"]
[BlackElo "2660"]
[PlyCount "102"]
[EventDate "2025.03.24"]
[EventType "swiss (blitz)"]
[EventRounds "9"]
[EventCountry "USA"]
[SourceTitle "CB14_2025"]
[SourceDate "2024.11.01"]
[SourceVersion "1"]
[SourceVersionDate "2024.11.01"]
[SourceQuality "1"]

1. d4 Nf6 2. Nf3 e6 3. c4 b6 4. g3 Bb7 5. Bg2 Bb4+ 6. Bd2 c5 7. Bxb4 cxb4 8. 0-0 0-0 9. Re1 d6 10. a3 bxa3 11. Rxa3 a5 12. Nc3 Na6 13. Ra1 Qe7 14. e4 Nb4 15. Qe2 Nd7 16. e5 dxe5 17. Nxe5 Nxe5 18. dxe5 Rfd8 19. Bxb7 Qxb7 20. Rad1 Qc6 21. Nb5 Rxd1 22. Rxd1 h6 23. Nd6 Rf8 24. b3 Qc5 25. Kg2 Nc6 26. f4 Ne7 27. Rd3 Nf5 28. Nxf5 exf5 29. Qd2 Qc7 30. Rd7 Qc6+ 31. Qd5 Qc8 32. e6 fxe6 33. Qxe6+ Kh8 34. Qe7 Rg8 35. Qd6 a4 36. bxa4 Qa8+ 37. Kh3 Qxa4 38. Qd4 Qc2 39. Rd6 Kh7 40. Rxb6 Qe2 41. Qd5 Rf8 42. Rb7 Qf1+ 43. Qg2 Qxc4 44. Ra7 Qd4 45. Qb7 Rg8 46. Qd7 Qe4 47. Qe7 Qd3 48. Kg2 Qc2+ 49. Kg1 Kh8 50. Kh1 Qf2 51. Qb7 Qf1# 0-1

[Event "Titled Tuesday intern op 11th Mar Late"]
[Site "Chess.com INT"]
[Date "2025.03.11"]
[Round "11"]
[White "Lazavik, Denis"]
[Black "Oparin, Grigoriy"]
[Result "1-0"]
[WhiteElo "2572"]
[BlackElo "2660"]
[PlyCount "143"]
[EventDate "2025.03.11"]
[EventType "swiss (blitz)"]
[EventRounds "11"]
[EventCountry "USA"]
[SourceTitle "CB12_2025"]
[SourceDate "2025.03.19"]
[SourceVersion "1"]
[SourceVersionDate "2025.03.19"]
[SourceQuality "1"]

1. d4 Nf6 2. c4 e6 3. Nf3 d5 4. g3 Be7 5. Bg2 0-0 6. Qd3 c6 7. 0-0 a5 8. Nc3 b6 9. b3 Ba6 10. a4 Nbd7 11. Rd1 Rc8 12. Bf4 c5 13. Nb5 cxd4 14. Qxd4 Bc5 15. Qb2 Qe7 16. e3 dxc4 17. bxc4 Rfd8 18. Na7 Bxc4 19. Nxc8 Rxc8 20. Ne5 Nxe5 21. Bxe5 Ne8 22. Bd4 Bb4 23. Bxb6 e5 24. Rdc1 Qe6 25. Bf1 Nd6 26. Bg2 Ne8 27. Ba7 Qa6 28. Bf1 Nd6 29. Bxc4 Nxc4 30. Qe2 g6 31. Rc2 Kg7 32. Rac1 Qxa7 33. Rxc4 Rd8 34. Rc7 Qa8 35. R1c6 Bd6 36. Ra6 Qd5 37. Rc1 Bb4 38. Rac6 h5 39. Qc4 Qf3 40. Rc7 Rd2 41. Rf1 e4 42. Rc8 h4 43. Re8 h3 44. Qxe4 Qxe4 45. Rxe4 g5 46. Re5 Kg6 47. Re8 Ra2 48. Rh8 g4 49. f3 Rg2+ 50. Kh1 f5 51. fxg4 fxg4 52. Rg8+ Kh5 53. Rf5+ Kh6 54. Rxg4 Ra2 55. Rf1 Rxa4 56. Rh4+ Kg5 57. Rxh3 Ra3 58. Rh8 Rxe3 59. Rg8+ Kh6 60. Rf4 Be7 61. Kg2 Re2+ 62. Kf3 Re5 63. Re8 Re6 64. Re4 Rf6+ 65. Kg4 Bb4 66. R8e6 Kg7 67. Rxf6 Kxf6 68. h4 Bc3 69. h5 Kg7 70. Kf5 Kh6 71. g4 Bd2 72. Re6+ 1-0

[Event "Titled Tuesday intern op 11th Mar Late"]
[Site "Chess.com INT"]
[Date "2025.03.11"]
[Round "9"]
[White "Materia, Marco"]
[Black "Oparin, Grigoriy"]
[Result "1/2-1/2"]
[WhiteElo "2486"]
[BlackElo "2660"]
[PlyCount "84"]
[EventDate "2025.03.11"]
[EventType "swiss (blitz)"]
[EventRounds "11"]
[EventCountry "USA"]
[SourceTitle "CB12_2025"]
[SourceDate "2025.03.19"]
[SourceVersion "1"]
[SourceVersionDate "2025.03.19"]
[SourceQuality "1"]

1. Nf3 Nf6 2. c4 e6 3. b3 d5 4. Bb2 Bd6 5. g3 0-0 6. Bg2 c5 7. cxd5 exd5 8. d4 cxd4 9. 0-0 Nc6 10. Nxd4 Re8 11. Nc3 Bg4 12. Nxc6 bxc6 13. h3 Bh5 14. Qd2 Bb4 15. e3 Ne4 16. Qc2 Nf6 17. Rac1 Rc8 18. Ne2 Bg6 19. Qd1 Be4 20. Bxf6 Qxf6 21. Qd4 Ba3 22. Qxf6 gxf6 23. Bxe4 Bxc1 24. Bf5 Ba3 25. Bxc8 Rxc8 26. Nd4 Kf8 27. Rd1 Ke7 28. Kg2 Bb2 29. Kf3 a5 30. g4 Kd6 31. Nf5+ Ke6 32. Rd2 Be5 33. e4 a4 34. bxa4 Ra8 35. exd5+ cxd5 36. Ne3 d4 37. Nf5 Kd5 38. Ne7+ Kd6 39. Nf5+ Kd5 40. Ne3+ Ke6 41. Nc2 Kd5 42. Ne3+ Ke6 1/2-1/2

[Event "Titled Tuesday intern op 11th Mar Late"]
[Site "Chess.com INT"]
[Date "2025.03.11"]
[Round "1"]
[White "Oparin, Grigoriy"]
[Black "Rees, Ioan"]
[Result "1-0"]
[WhiteElo "2660"]
[BlackElo "2288"]
[PlyCount "63"]
[EventDate "2025.03.11"]
[EventType "swiss (blitz)"]
[EventRounds "11"]
[EventCountry "USA"]
[SourceTitle "CB12_2025"]
[SourceDate "2025.03.19"]
[SourceVersion "1"]
[SourceVersionDate "2025.03.19"]
[SourceQuality "1"]

1. d4 Nf6 2. c4 c5 3. d5 e6 4. Nc3 exd5 5. cxd5 d6 6. Bf4 g6 7. h3 a6 8. a4 Bg7 9. e3 0-0 10. Nf3 Ne8 11. Be2 Nd7 12. 0-0 Ne5 13. Bxe5 dxe5 14. a5 Nd6 15. Nd2 Rb8 16. Nc4 b5 17. axb6 Nxc4 18. Bxc4 Rxb6 19. b3 e4 20. Qc2 f5 21. Na4 Bxa1 22. Nxb6 Be5 23. Nxc8 Qxc8 24. d6+ Kh8 25. Rd1 Rd8 26. Rd5 Qe6 27. g3 Rxd6 28. Rxc5 Qe7 29. Kg2 Kg7 30. Ra5 Qd8 31. Rxe5 Rd2 32. Qc3 1-0

[Event "Titled Tuesday intern op 11th Mar Late"]
[Site "Chess.com INT"]
[Date "2025.03.11"]
[Round "4"]
[White "Stefansson, Vignir Vatnar"]
[Black "Oparin, Grigoriy"]
[Result "0-1"]
[WhiteElo "2551"]
[BlackElo "2660"]
[PlyCount "58"]
[EventDate "2025.03.11"]
[EventType "swiss (blitz)"]
[EventRounds "11"]
[EventCountry "USA"]
[SourceTitle "CB12_2025"]
[SourceDate "2025.03.19"]
[SourceVersion "1"]
[SourceVersionDate "2025.03.19"]
[SourceQuality "1"]

1. e4 c5 2. Nf3 e6 3. d4 cxd4 4. Nxd4 Nc6 5. Nc3 Bc5 6. Nb3 Bb4 7. Bd3 Nf6 8. 0-0 0-0 9. Bf4 e5 10. Bg5 Bxc3 11. bxc3 h6 12. Bh4 d6 13. Nd2 g5 14. Bg3 Be6 15. c4 Rc8 16. h4 b6 17. Qe2 Nd4 18. Qd1 Kg7 19. Qc1 Nh5 20. Bh2 Nf4 21. Re1 Qf6 22. Qa3 gxh4 23. Qxa7 Qg5 24. Bxf4 Qxf4 25. Nf1 Rg8 26. Nh2 Kh8 27. Re3 Rg7 28. Qe7 Rcg8 29. Bf1 Bxc4 0-1

[Event "Titled Tuesday intern op 25th Feb Early"]
[Site "Chess.com INT"]
[Date "2025.02.25"]
[Round "7"]
[White "Maghsoodloo, Parham"]
[Black "Oparin, Grigoriy"]
[Result "0-1"]
[WhiteElo "2680"]
[BlackElo "2660"]
[PlyCount "118"]
[EventDate "2025.02.25"]
[EventType "swiss (blitz)"]
[EventRounds "11"]
[EventCountry "USA"]
[SourceTitle "CB10_2025"]
[SourceDate "2025.03.05"]
[SourceVersion "1"]
[SourceVersionDate "2025.03.05"]
[SourceQuality "1"]

1. Nf3 Nf6 2. g3 b5 3. b3 Bb7 4. Bg2 e6 5. Bb2 c5 6. 0-0 Be7 7. Na3 b4 8. Nc4 d5 9. Nce5 0-0 10. a3 a5 11. d4 Nc6 12. dxc5 Bxc5 13. Nxc6 Bxc6 14. Ne5 Bb7 15. c4 bxc3 16. Bxc3 Qe7 17. Qc1 Ne4 18. Bxe4 dxe4 19. Qb2 Bd5 20. Nc4 f6 21. Nxa5 Rfb8 22. Qc1 Rc8 23. b4 Bd4 24. Bxd4 Rxc1 25. Raxc1 h5 26. h4 Qd7 27. Be3 Rc8 28. Rxc8+ Qxc8 29. Rc1 Qa6 30. Kf1 Qb5 31. Ke1 Kh7 32. Rc3 Qa4 33. Bc1 e5 34. Rc5 Be6 35. Nc4 Bxc4 36. Rxc4 Qb3 37. Rc5 Kg6 38. Kd2 e3+ 39. fxe3 Kf5 40. Rc3 Qd5+ 41. Kc2 Kg4 42. a4 Qa2+ 43. Bb2 Qxa4+ 44. Rb3 Qb5 45. e4 Qxe2+ 46. Kc3 Qb5 47. Bc1 Kxg3 48. Kc2+ Kxh4 49. Bd2 Kg4 50. Rd3 Qc4+ 51. Rc3 Qxe4+ 52. Kb3 Qd5+ 53. Rc4+ Kf5 54. Kc3 g5 55. Rc5 Qd4+ 56. Kc2 h4 57. Bc3 Qe4+ 58. Kb3 h3 59. b5 h2 0-1

[Event "Titled Tuesday intern op 25th Feb Early"]
[Site "Chess.com INT"]
[Date "2025.02.25"]
[Round "6"]
[White "Oparin, Grigoriy"]
[Black "Masruri, Rahman"]
[Result "1-0"]
[WhiteElo "2660"]
[BlackElo "2327"]
[PlyCount "81"]
[EventDate "2025.02.25"]
[EventType "swiss (blitz)"]
[EventRounds "11"]
[EventCountry "USA"]
[SourceTitle "CB10_2025"]
[SourceDate "2025.03.05"]
[SourceVersion "1"]
[SourceVersionDate "2025.03.05"]
[SourceQuality "1"]

1. e4 e6 2. d4 d5 3. e5 c5 4. c3 Nc6 5. Nf3 Qb6 6. a3 Nh6 7. b4 cxd4 8. cxd4 Nf5 9. Bb2 a5 10. b5 a4 11. Be2 Be7 12. 0-0 0-0 13. Ra2 Na5 14. Qxa4 Bd7 15. Nc3 Nc4 16. Qd1 Nxb2 17. Rxb2 Rxa3 18. Nb1 Rxf3 19. Bxf3 Nxd4 20. Nc3 Rc8 21. Qd3 Nxf3+ 22. Qxf3 Qd4 23. Rc2 Qxe5 24. Rfc1 Bd6 25. g3 Ra8 26. b6 h6 27. Ne2 Ra3 28. Qg4 Ra1 29. Nd4 Ra4 30. Rd2 Kh7 31. Qd1 Ra8 32. Nb3 Bc6 33. Nd4 Ba4 34. Qf3 Be8 35. Qd3+ g6 36. Nb5 Bb4 37. Re2 Qg5 38. Rb1 Bxb5 39. Qxb5 Be7 40. Qd7 Rb8 41. Qc7 1-0

[Event "Chessable Masters Play In"]
[Site "Chess.com INT"]
[Date "2025.02.17"]
[Round "1"]
[White "Oparin, Grigoriy"]
[Black "Sanal, Vahap"]
[Result "1-0"]
[WhiteElo "2660"]
[BlackElo "2557"]
[PlyCount "125"]
[EventDate "2025.02.17"]
[EventType "swiss (blitz)"]
[EventRounds "9"]
[EventCountry "USA"]
[SourceTitle "CB08_2025"]
[SourceDate "2025.02.19"]
[SourceVersion "1"]
[SourceVersionDate "2025.02.19"]
[SourceQuality "1"]

1. e4 e5 2. Nf3 Nc6 3. Bc4 Bc5 4. Nc3 Nf6 5. d3 h6 6. 0-0 a6 7. a4 d6 8. Be3 Bxe3 9. fxe3 Be6 10. Nd5 Bxd5 11. exd5 Ne7 12. Nh4 c6 13. dxc6 bxc6 14. Qe1 d5 15. Bb3 Qd6 16. Qg3 0-0 17. Rf2 Nd7 18. d4 c5 19. c3 Rab8 20. Bc2 Kh8 21. Raf1 Kg8 22. Bf5 Rb7 23. Bxd7 Qxd7 24. Qxe5 Qxa4 25. Rf3 cxd4 26. Rg3 f6 27. Qe6+ Kh8 28. exd4 Qc2 29. Re3 Ng6 30. Re2 Qd3 31. Qh3 Qxe2 32. Nxg6+ Kg8 33. Nxf8 Rxb2 34. Ng6 a5 35. Nf4 Qe4 36. Qe6+ Kh7 37. Qxe4+ dxe4 38. Ra1 e3 39. g3 Rc2 40. Rxa5 g5 41. Ra7+ Kg8 42. Nd3 Rxc3 43. Ne1 Rc1 44. Kf1 Rd1 45. Re7 Rxd4 46. Rxe3 Kf7 47. Re2 Ra4 48. Kg2 h5 49. Nf3 Kg6 50. Rd2 Rb4 51. h4 Rb6 52. Kf2 Ra6 53. Rb2 Kh6 54. hxg5+ fxg5 55. Rb5 Ra2+ 56. Ke3 Ra3+ 57. Ke4 h4 58. g4 h3 59. Rxg5 Ra4+ 60. Ke3 Ra3+ 61. Ke2 Ra2+ 62. Kf1 Ra1+ 63. Kf2 1-0

[Event "Chessable Masters Play In"]
[Site "Chess.com INT"]
[Date "2025.02.17"]
[Round "5"]
[White "Oparin, Grigoriy"]
[Black "Smirnov, Pavel"]
[Result "1/2-1/2"]
[WhiteElo "2660"]
[BlackElo "2476"]
[PlyCount "121"]
[EventDate "2025.02.17"]
[EventType "swiss (blitz)"]
[EventRounds "9"]
[EventCountry "USA"]
[SourceTitle "CB08_2025"]
[SourceDate "2025.02.19"]
[SourceVersion "1"]
[SourceVersionDate "2025.02.19"]
[SourceQuality "1"]

1. e4 e5 2. Nf3 Nc6 3. Bc4 Nf6 4. d3 Bc5 5. Nc3 h6 6. 0-0 0-0 7. a4 d6 8. h3 Be6 9. Bd2 Re8 10. Re1 a6 11. Bxe6 fxe6 12. Ne2 a5 13. c3 Bb6 14. Ng3 Rf8 15. Be3 Bxe3 16. Rxe3 Kh7 17. Qb3 Qd7 18. Rd1 Rab8 19. d4 exd4 20. cxd4 Nb4 21. Ne1 b5 22. axb5 Rxb5 23. Qc3 Rfb8 24. Nd3 a4 25. Nxb4 Rxb4 26. Re2 Rb3 27. Qc1 R8b7 28. Rc2 Qb5 29. Qa1 Rxb2 30. Rxb2 Qxb2 31. Qxa4 Rb4 32. Qa7 Qc2 33. Re1 Rb2 34. Rf1 Nxe4 35. Nxe4 Qxe4 36. Qxc7 Qxd4 37. Qe7 Qe5 38. Qc7 Re2 39. Qc1 d5 40. Qb1+ Qe4 41. Qxe4+ Rxe4 42. Ra1 Kg6 43. g3 Kf6 44. Ra7 h5 45. h4 Rb4 46. Kg2 Rb3 47. Rd7 g6 48. Kf1 g5 49. hxg5+ Kxg5 50. Rg7+ Kf6 51. Rg8 d4 52. Rh8 e5 53. Rxh5 e4 54. Rd5 d3 55. Ke1 Ke6 56. Rd8 Ke5 57. Re8+ Kf5 58. Rf8+ Ke5 59. Re8+ Kf5 60. Rf8+ Ke5 61. Re8+ 1/2-1/2

[Event "Titled Tuesday intern op 11th Feb Early"]
[Site "Chess.com INT"]
[Date "2025.02.11"]
[Round "1"]
[White "Oparin, Grigoriy"]
[Black "Gutierrez Olivares, Daniel"]
[Result "1-0"]
[WhiteElo "2660"]
[BlackElo "2354"]
[PlyCount "79"]
[EventDate "2025.02.11"]
[EventType "swiss (blitz)"]
[EventRounds "11"]
[EventCountry "USA"]
[SourceTitle "CB08_2025"]
[SourceDate "2025.02.19"]
[SourceVersion "1"]
[SourceVersionDate "2025.02.19"]
[SourceQuality "1"]

1. c4 Nf6 2. Nc3 d6 3. g3 g6 4. Bg2 Bg7 5. Nf3 0-0 6. d4 Na6 7. 0-0 c5 8. d5 Nc7 9. e4 e5 10. dxe6 Bxe6 11. Qd3 Nd7 12. Rd1 Ne5 13. Nxe5 dxe5 14. Qe2 Qe8 15. Be3 Na6 16. Nd5 Rc8 17. h4 h5 18. Kh2 b6 19. Bh3 Nb8 20. Qf3 Bxh3 21. Kxh3 Qe6+ 22. Kg2 Nc6 23. Rd3 f5 24. Re1 Nd4 25. Bxd4 cxd4 26. b3 f4 27. gxf4 Bh6 28. f5 Qd6 29. Qg3 Kh8 30. f6 Rce8 31. Rxd4 Kh7 32. Rd3 Re6 33. Kh1 Rexf6 34. Nxf6+ Qxf6 35. Red1 Bf4 36. Qh3 Kh6 37. Rd6 Qf7 38. Rg1 Rg8 39. Qe6 Qf8 40. Rxg6+ 1-0

[Event "Titled Tuesday intern op 11th Feb Early"]
[Site "Chess.com INT"]
[Date "2025.02.11"]
[Round "5"]
[White "Oparin, Grigoriy"]
[Black "Martin Fuentes, Alberto"]
[Result "1-0"]
[WhiteElo "2660"]
[BlackElo "2378"]
[PlyCount "79"]
[EventDate "2025.02.11"]
[EventType "swiss (blitz)"]
[EventRounds "11"]
[EventCountry "USA"]
[SourceTitle "CB09_2025"]
[SourceDate "2025.02.27"]
[SourceVersion "1"]
[SourceVersionDate "2025.02.27"]
[SourceQuality "1"]

1. e4 e6 2. d4 d5 3. e5 c5 4. c3 Qb6 5. Nf3 Bd7 6. Be2 Bb5 7. dxc5 Bxc5 8. 0-0 Bxe2 9. Qxe2 a5 10. Nbd2 Ne7 11. Nb3 Nd7 12. Bg5 h6 13. Nxc5 Qxc5 14. Bxe7 Qxe7 15. Nd4 0-0 16. f4 Rfe8 17. Rf3 f5 18. exf6 Qxf6 19. Re1 Nf8 20. g3 a4 21. a3 Ra5 22. Re3 Ra6 23. f5 e5 24. Rxe5 Rxe5 25. Qxe5 Qxe5 26. Rxe5 Rb6 27. Re2 Nd7 28. Re7 Nc5 29. Rc7 Ne4 30. Ne6 Rxb2 31. Rxg7+ Kh8 32. Rd7 Nf6 33. Rf7 Ng4 34. f6 Nxh2 35. Rf8+ Kh7 36. f7 Kg6 37. Nd8 Rd2 38. Rg8+ Kh5 39. f8Q Nf3+ 40. Qxf3# 1-0